| 000 | 00972nam a22002537a 4500 | ||
|---|---|---|---|
| 999 |
_c13391 _d13391 |
||
| 003 | AR-CdUCM | ||
| 008 | 190415b ||||| |||| 00| 0 spa d | ||
| 040 |
_aMUNICIPALIDAD PROVINCIAL DEL CUSCO _cBIBLIOTECA MUNICIPAL DEL CUSCO |
||
| 041 | _heng | ||
| 082 |
_22ed. _a657 / _bH71 |
||
| 100 |
_aHolmes Arthur, W. _931800 |
||
| 245 |
_aAuditoría : _bprincipios y procedimiento / |
||
| 260 |
_aMéxico : _bUTEHA, _c1965. |
||
| 300 |
_aXLI, 474 páginas ; _btablas, cuadros, _c23 cm. |
||
| 440 |
_aBiblioteca de Contabilidad Superior. _n10 _931801 |
||
| 500 | _at.2: Soluciones de los problemas auditoria práctica. t.1: segunda edición | ||
| 505 | _aContenido: t.1: Principios y procedimientos -- Silabos del instructor -- Soluciones -- Auditoria practica. | ||
| 650 |
_aAuditoría _910961 |
||
| 650 |
_aContabilidad _910543 |
||
| 650 |
_aSoluciones _920457 |
||
| 700 |
_aContro Malo, Francisco (traducción) _931802 |
||
| 942 |
_2ddc _cLIBROS |
||
| 945 |
_aachl _d2019-04-15 |
||